|
|
|
|
| LEADER |
00000cam a2200000 a 4500 |
| 001 |
vtls008313789 |
| 003 |
SK-MaSNL |
| 005 |
20260301074907.0 |
| 008 |
230403s1970 xo a e np 000 0 slo |
| 015 |
|
|
|a SNBA1970/03-00593
|
| 035 |
|
|
|a SK01SNK19700006006
|
| 035 |
|
|
|a urn:nbn:sk:snk-am3hb63
|
| 035 |
|
|
|a FD41F1B3-16F6-45D3-A3A7-2F762AA6F5B8
|
| 035 |
|
|
|a urn:nbn:sk:snk-am008x8u
|
| 035 |
|
|
|a SKM000008469
|
| 040 |
|
|
|a SNK
|b slo
|c SNK
|e AACR2
|
| 041 |
0 |
|
|a slo
|
| 044 |
|
|
|a xo
|c SK
|
| 080 |
|
|
|a 621.3.001(075.8)
|2 1981
|
| 100 |
1 |
|
|a Székely, Juraj
|4 aut
|9 276954
|
| 245 |
1 |
0 |
|a Teoretická elektrotechnika 1
|n 2. diel
|c Juraj Székely
|
| 250 |
|
|
|a 2. vyd.
|
| 260 |
|
|
|a Bratislava
|b Alfa
|a Žilina
|b VŠD
|c 1970
|
| 300 |
|
|
|a 214, [1] s.
|b ilustr., tab.
|c 4°
|
| 366 |
|
|
|e 400 výt.
|
| 490 |
1 |
|
|a Dočasné vysokoškolské učebnice
|
| 500 |
|
|
|a Vyd. VŠD, Žilina v nakl. Alfa
|
| 504 |
|
|
|a Bibliogr.
|
| 650 |
0 |
7 |
|a elektrotechnika
|2 SNKPH
|9 3619
|
| 655 |
|
7 |
|a učebnice vysokých škôl
|2 SNKPH
|9 70191
|
| 830 |
|
0 |
|a Dočasné vysokoškolské učebnice
|9 278602
|
| 852 |
|
|
|a Slovenská národná knižnica
|
| 954 |
|
|
|a odborná, vedecká literatúra pôvodná (slovenská)
|2 lita
|
| 958 |
|
|
|a OND
|
| 958 |
|
|
|a UV
|
| 958 |
|
|
|a NB
|
| 958 |
|
|
|a TL
|
| 958 |
|
|
|a RK
|
| 958 |
|
|
|a EUIPO
|
| 999 |
|
|
|c 648549
|d 650479
|
| 952 |
|
|
|a SNK
|b SNK
|y VYP
|7 0
|p 17A1076889
|o snkSB 15379/1/2 D1
|i snkKSP 3032/70
|0 0
|1 0
|4 0
|d 2014-12-11
|l 0
|r 2026-02-23 18:14:36
|w 2026-02-23
|
| 952 |
|
|
|a SNK
|b SNK
|y PREZ
|7 0
|p 17A0863258
|o snkSB 15379/1/2
|i snkKSP 3031/70
|0 0
|1 0
|4 0
|d 2014-12-11
|f 1
|l 0
|r 2025-03-14 00:00:00
|w 2026-02-23
|
| 952 |
|
|
|a SNK
|b SNK
|y VYP
|7 0
|o snkSB 15379/1/2 D2
|i snkD 2408/76
|8 1
|0 0
|1 0
|4 0
|d 2014-12-11
|l 0
|r 2026-02-23 18:14:36
|w 2026-02-23
|